| 000 | 00524nam a2200169 i 4500 | ||
|---|---|---|---|
| 001 | 71976 | ||
| 003 | ES-MaACL | ||
| 005 | 20230906171307.0 | ||
| 007 | t| | ||
| 008 | 040823s1950 sp ||||1| spa d | ||
| 100 | 1 |
_aGil Azpeitia, Alfonso. _956768 |
|
| 245 | 1 | 0 |
_aNota sobre series potenciales / _cA.G. Azpeitia. |
| 260 |
_aMadrid : _b[s.n., _c1950] ( _fNuevas Gráficas) |
||
| 300 |
_a4 p. ; _c24 cm. |
||
| 500 | _aEs separata de: Gaceta Matemática, 1ª serie, t. II, Nº I,1950. | ||
| 852 |
_aES-MaACL _j1962-F-9 _bR.35111 |
||
| 999 |
_c71976 _d71976 |
||